000 00461nam a22001697a 4500
005 20230119113654.0
008 200607b xxu||||| |||| 00| 0 eng d
020 _a81-86270-74-4
041 _aeng
082 _a615.19
100 _aSIDDIQUI, DR, ANEES AHMAD AND WANI, SACHIN M.
_95840
245 _aINORGANIC PHARMACEUTICAL CHEMISTRY
260 _aDELHI
_bBIRLA PUBLICATION PVT, LTD.
300 _a264;p
650 _aOHARMACY
_xB.PHARMA
_97482
942 _cBK
999 _c6907
_d6905